[Event "Kreuzberg2006"]
[Site "?"]
[Date "2006.07.13"]
[Round "6"]
[White "Friedrich, Wiede"]
[Black "Jaeger, Andre"]
[Result "1/2-1/2"]
[WhiteElo "1933"]
[BlackElo "2120"]
[PlyCount "75"]

1. e4 c5 2. Nf3 Nc6 3. d4 cxd4 4. Nxd4 Nf6 5. Nc3 e5 6. Ndb5 d6 7. Bg5 a6 8.
Na3 Be6 9. Nc4 Rc8 10. Ne3 Be7 11. Be2 Nd4 12. Bxf6 Bxf6 13. O-O Nxe2+ 14. Qxe2
g6 15. Rfd1 O-O 16. Rd3 Rc6 17. Ncd5 Bg5 18. Rad1 f5 19. exf5 gxf5 20. Nb4 Rb6
21. Ned5 Bxd5 22. Nxd5 Rxb2 23. Ne3 Bxe3 24. Qxe3 Qf6 25. h3 Rd8 26. Rb3 Rxb3
27. Qxb3+ Qf7 28. Qb6 Qe7 29. c4 Rd7 30. Rd3 f4 31. c5 dxc5 32. Rxd7 Qxd7 33.
Qxc5 Qb5 34. Qc8+ Kg7 35. Qg4+ Kf6 36. Qh4+ Kg6 37. Qg4+ Kf6 38. Qh4+ 1/2-1/2

[Event "Kreuzberg2006"]
[Site "?"]
[Date "2006.07.13"]
[Round "6"]
[White "Schulz, Michael"]
[Black "Gremm, Albert Juergen"]
[Result "1-0"]
[WhiteElo "2252"]
[BlackElo "1980"]
[PlyCount "77"]

1. d4 g6 2. e4 Bg7 3. h4 h5 4. Nc3 c6 5. Bc4 d5 6. exd5 cxd5 7. Bxd5 e6 8. Bf3
Qxd4 9. Qxd4 Bxd4 10. Nge2 Bg7 11. Nb5 Na6 12. c3 Ke7 13. Be3 Nf6 14. Nxa7 Nd5
15. Nxc8+ Rhxc8 16. Bxd5 exd5 17. O-O b5 18. Rfd1 b4 19. Rxd5 bxc3 20. Nxc3 Ke6
21. Rad1 Bxc3 22. bxc3 Rxc3 23. Rd6+ Ke7 24. Bg5+ Kf8 25. Rd8+ Rxd8 26. Rxd8+
Kg7 27. Rd6 Ra3 28. Bf6+ Kh7 29. Rd8 g5 30. hxg5 Rxa2 31. Rh8+ Kg6 32. Rh6+ Kf5
33. Rxh5 Nb4 34. Rh7 Ke6 35. Rh8 Nd3 36. Bd4 Nf4 37. Be3 Ng6 38. Re8+ Kf5 39.
Rb8 {(ZÜ)} 1-0

[Event "Kreuzberg2006"]
[Site "?"]
[Date "2006.07.13"]
[Round "6"]
[White "Rath, Alina"]
[Black "Cusnariov, Nikolai"]
[Result "0-1"]
[WhiteElo "1853"]
[BlackElo "2147"]
[PlyCount "50"]

1. c4 b6 2. e4 Bb7 3. Nc3 c5 4. g3 e6 5. Bg2 f5 6. d3 Nf6 7. Nge2 Be7 8. O-O
Nc6 9. f4 O-O 10. e5 Ne8 11. Be3 Qc8 12. b3 d6 13. d4 cxd4 14. Nxd4 Nxd4 15.
Bxd4 dxe5 16. Bxe5 Bc5+ 17. Kh1 Nf6 18. h3 Nd7 19. Bd6 Bxg2+ 20. Kxg2 Qc6+ 21.
Qf3 Qxd6 22. Rad1 Qe7 23. Rfe1 Nf6 24. Re2 Qf7 25. Rde1 Rae8 0-1

[Event "Kreuzberg2006"]
[Site "?"]
[Date "2006.07.13"]
[Round "6"]
[White "Rath, Oliver"]
[Black "Shapiro, Yosip"]
[Result "1-0"]
[WhiteElo "1887"]
[BlackElo "2131"]
[PlyCount "29"]

1. d4 d5 2. c4 c6 3. Nc3 dxc4 4. e3 b5 5. Nxb5 Qa5+ 6. Nc3 Ba6 7. Bd2 Nd7 8.
Nf3 c5 9. Nd5 Qd8 10. Qa4 e6 11. Ba5 Qc8 12. Nc7+ Ke7 13. Be2 Rb8 14. Nxa6 Qxa6
15. Bd8+ 1-0

[Event "Kreuzberg2006"]
[Site "?"]
[Date "2006.07.13"]
[Round "6"]
[White "Burger, Heinrich"]
[Black "Hesselbarth, Karlheinz"]
[Result "1-0"]
[WhiteElo "2084"]
[BlackElo "1925"]
[PlyCount "47"]

1. d4 d5 2. Nf3 Nf6 3. g3 e6 4. Bg2 c5 5. c4 Nc6 6. cxd5 exd5 7. O-O Be7 8. Nc3
O-O 9. Bg5 Be6 10. dxc5 Bxc5 11. Rc1 Be7 12. Nd4 Qb6 13. Nxe6 fxe6 14. Bh3 Ne5
15. Na4 Qa6 16. Qb3 Rac8 17. Rxc8 Rxc8 18. e4 Rc4 19. f4 Nf7 20. Bxf6 gxf6 21.
Nc3 dxe4 22. Re1 f5 23. Bf1 Bc5+ 24. Kg2 1-0

[Event "Kreuzberg2006"]
[Site "?"]
[Date "2006.07.14"]
[Round "7"]
[White "Richter, Michael"]
[Black "Schlemermeyer, Wilhelm"]
[Result "1/2-1/2"]
[WhiteElo "2389"]
[BlackElo "2333"]
[PlyCount "25"]

1. d4 g6 2. Nf3 d6 3. g3 Bg7 4. Bg2 Nf6 5. O-O O-O 6. b3 c5 7. Bb2 cxd4 8. Nxd4
d5 9. c4 dxc4 10. Na3 cxb3 11. Qxb3 Nc6 12. Nxc6 bxc6 13. Bxc6 1/2-1/2

[Event "Kreuzberg2006"]
[Site "?"]
[Date "2006.07.14"]
[Round "7"]
[White "Mattick, Lutz"]
[Black "Niehaus, Frank"]
[Result "1-0"]
[WhiteElo "2278"]
[BlackElo "2204"]
[PlyCount "53"]

1. d4 Nf6 2. Nf3 g6 3. c4 Bg7 4. Nc3 d6 5. Bg5 O-O 6. e3 c5 7. d5 h6 8. Bh4 Nh7
9. Nd2 f5 10. f4 g5 11. Bg3 e5 12. dxe6 Bxe6 13. Be2 Nc6 14. Bf3 Qb6 15. Bd5
Rae8 16. Nb3 Bd4 17. O-O Bxe3+ 18. Kh1 Nb4 19. Bxe6+ Rxe6 20. Nd5 Qd8 21. Re1
Rfe8 22. Nxb4 cxb4 23. Qd5 Kh8 24. Nd4 Rg6 25. Nxf5 gxf4 26. Bh4 Ng5 27. Nxh6
1-0

[Event "Kreuzberg2006"]
[Site "?"]
[Date "2006.07.14"]
[Round "7"]
[White "Neerforth, Philipp"]
[Black "Schmidt-Schaeffer, Sebastian"]
[Result "0-1"]
[WhiteElo "2221"]
[BlackElo "2370"]
[PlyCount "76"]

1. Nf3 f5 2. c4 Nf6 3. g3 g6 4. Bg2 Bg7 5. d4 O-O 6. Nc3 d6 7. O-O c6 8. Rb1
Ne4 9. Nxe4 fxe4 10. Nd2 d5 11. cxd5 cxd5 12. e3 a5 13. b4 axb4 14. Rxb4 Nc6
15. Ra4 Rb8 16. Nb3 b5 17. Ra3 Qb6 18. Bd2 b4 19. Ra4 Qb5 20. Nc5 e6 21. Qb3
Qe2 22. Qd1 Rxf2 23. Qxe2 Rxe2 24. Rf2 Nxd4 25. Rxb4 Rxb4 26. Bxb4 Rxe3 27. Bh3
Rf3 28. Rxf3 Nxf3+ 29. Kg2 Kf7 30. a4 Bf8 31. a5 Bxc5 32. Bxc5 h5 33. Kf2 Nxh2
34. Ke3 Ba6 35. Kf4 Nf3 36. Bf2 e5+ 37. Ke3 Bd3 38. Bg2 d4# 0-1

[Event "Kreuzberg2006"]
[Site "?"]
[Date "2006.07.14"]
[Round "7"]
[White "Haemmerlein, Thomas"]
[Black "Waldmann, Hans-Joachim"]
[Result "1-0"]
[WhiteElo "2195"]
[BlackElo "2329"]
[PlyCount "105"]

1. Nf3 e6 2. c4 f5 3. g3 Nf6 4. Bg2 Be7 5. Nc3 O-O 6. d4 d5 7. O-O c6 8. Ne5
Nbd7 9. Nxd7 Bxd7 10. cxd5 cxd5 11. Bf4 b5 12. a4 b4 13. Na2 Qb6 14. Nc1 Rac8
15. Nd3 Qxd4 16. Be3 Qc4 17. Bxa7 Bd6 18. Rc1 Qa6 19. Bc5 Bxc5 20. Nxc5 Qd6 21.
Nxd7 Qxd7 22. Qb3 Ra8 23. Ra1 Qd6 24. Rfc1 f4 25. Rc2 Ng4 26. Bf3 Ne5 27. Rd1
Kh8 28. Kg2 fxg3 29. hxg3 Rac8 30. Rd4 Nc6 31. Rh4 g6 32. Qe3 e5 33. Qc5 Qxc5
34. Rxc5 e4 35. Bg4 Rc7 36. Be6 d4 37. Bd5 Rfc8 38. Rxe4 Kg7 39. Bxc6 Rxc6 40.
Rxc6 Rxc6 41. Rxd4 b3 42. Rb4 Ra6 43. Kf3 h5 44. Ke3 g5 45. Rb5 Kg6 46. a5 Ra8
47. f3 h4 48. gxh4 gxh4 49. Kf2 Kf6 50. Kg2 Kg6 51. Kh3 Re8 52. a6 Ra8 53. Ra5
1-0

[Event "Kreuzberg2006"]
[Site "?"]
[Date "2006.07.14"]
[Round "7"]
[White "Kauschmann, Herbert"]
[Black "Kiesekamp, Marcos"]
[Result "1-0"]
[WhiteElo "2178"]
[BlackElo "2259"]
[PlyCount "81"]

1. e4 e6 2. d4 d5 3. e5 c5 4. c3 Qb6 5. Nf3 Bd7 6. a3 Bb5 7. b4 cxd4 8. Bxb5+
Qxb5 9. cxd4 Nd7 10. Nc3 Qc6 11. Bd2 Nb6 12. O-O Ne7 13. Qb1 Nc4 14. Rc1 Nf5
15. Ne2 Qb6 16. Bf4 Be7 17. Qd3 Qd8 18. Bd2 h5 19. Nc3 Rc8 20. Nd1 g5 21. Ne3
Nfxe3 22. Bxe3 a6 23. Nd2 b5 24. Nb3 Rc7 25. Nc5 Bxc5 26. bxc5 f5 27. Rcb1 Rb7
28. a4 b4 29. a5 Rb5 30. Ra4 b3 31. Bd2 b2 32. Bc3 Kd7 33. Ra2 Qc7 34. h4 g4
35. Raxb2 Nxb2 36. Rxb2 Rxb2 37. Bxb2 Qxa5 38. Bc3 Qa3 39. Qb1 Rc8 {(=)} 40.
Qb7+ Kd8 41. Bd2 1-0

[Event "Kreuzberg2006"]
[Site "?"]
[Date "2006.07.14"]
[Round "7"]
[White "Kohler, Thomas"]
[Black "Sondermann, Johannes"]
[Result "1-0"]
[WhiteElo "2245"]
[BlackElo "2163"]
[PlyCount "87"]

1. c4 e5 2. Nc3 Nc6 3. g3 g6 4. Bg2 Bg7 5. Rb1 f5 6. d3 Nf6 7. Nf3 O-O 8. O-O
d6 9. b4 h6 10. b5 Ne7 11. c5 g5 12. Qb3+ Rf7 13. cxd6 cxd6 14. Ba3 Ng6 15. Nd2
Bf8 16. Rfc1 Qe8 17. Nd5 Be6 18. Nxf6+ Rxf6 19. Bd5 Bxd5 20. Qxd5+ Qf7 21.
Qxf7+ Rxf7 22. Rb3 g4 23. Rbc3 d5 24. Rc8 Rxc8 25. Rxc8 Kg7 26. Bxf8+ Rxf8 27.
Rc5 d4 28. Nc4 b6 29. Rd5 Kf6 30. Rd6+ Kg7 31. Rc6 Rf6 32. Nd6 Kf8 33. Rc8+ Ke7
34. Nc4 Kd7 35. Ra8 Ke6 36. Rxa7 Kd5 37. a4 e4 38. a5 exd3 39. exd3 bxa5 40. b6
Rf8 41. b7 Rb8 42. Rxa5+ Ke6 43. Ra6+ Kf7 44. Nd6+ 1-0

[Event "Kreuzberg2006"]
[Site "?"]
[Date "2006.07.14"]
[Round "7"]
[White "Albrecht, Rainer"]
[Black "Bornschein, Burkhard"]
[Result "1-0"]
[WhiteElo "2056"]
[BlackElo "2021"]
[PlyCount "131"]

1. d4 Nf6 2. c4 e6 3. Nc3 Bb4 4. g3 d5 5. Bg2 O-O 6. cxd5 exd5 7. Nf3 c6 8. O-O
Nbd7 9. Ne1 Re8 10. Nd3 Bd6 11. f3 Qb6 12. e3 Nf8 13. Nf2 c5 14. Na4 Qc6 15.
Nxc5 Bxc5 16. dxc5 Qxc5 17. Bd2 Ne6 18. Bc3 Qe7 19. Qb3 Nc5 20. Qa3 b6 21. Rfe1
Bb7 22. Rad1 a5 23. Nd3 Nfd7 24. b3 Nxd3 {(=)} 25. Qxe7 Rxe7 26. Rxd3 Nc5 27.
Rd2 b5 28. Kf2 b4 29. Bd4 Ne6 30. Rc1 f5 31. Bf1 a4 32. bxa4 Rxa4 33. Rcc2 Ra3
34. Bd3 g6 35. Rb2 Nxd4 36. exd4 Ba6 37. Bxa6 Rxa6 38. Rxb4 Rea7 39. h4 Rxa2
40. Rxa2 Rxa2+ 41. Ke3 Ra7 42. Rb5 Rd7 43. Kf4 Kg7 44. g4 fxg4 45. fxg4 Rf7+
46. Ke5 h5 47. g5 Rf5+ 48. Ke6 Rf4 49. Rxd5 Re4+ 50. Kd6 Kf7 51. Kc5 Rxh4 52.
Re5 Rf4 53. d5 Rf1 54. d6 Rc1+ 55. Kd5 Rd1+ 56. Kc6 Rc1+ 57. Kd7 Rc4 58. Re7+
Kf8 59. Re6 Rc5 60. Rxg6 Kf7 61. Rf6+ Kg7 62. Ke7 Rxg5 63. d7 Rd5 64. Rd6 Re5+
65. Re6 Rd5 66. d8=Q 1-0

[Event "Kreuzberg2006"]
[Site "?"]
[Date "2006.07.14"]
[Round "7"]
[White "Burger, Heinrich"]
[Black "Schulz, Michael"]
[Result "0-1"]
[WhiteElo "2084"]
[BlackElo "2252"]
[PlyCount "124"]

1. Nf3 d6 2. g3 e5 3. d3 f5 4. Bg2 Nf6 5. O-O Be7 6. Nc3 O-O 7. e4 fxe4 8. dxe4
Bg4 9. h3 Bh5 10. g4 Bf7 11. Qd3 Na6 12. Be3 Nd7 13. Rfd1 Nac5 14. Qd2 Kh8 15.
b4 Ne6 16. a4 Nb6 17. Qe2 Nf4 18. Bxf4 Bc4 19. Qe1 Rxf4 20. a5 Nd7 21. Nd2 Be6
22. Ne2 Rf7 23. Ra3 Bg5 24. Rf3 Bf4 25. Nf1 Qh4 26. Nfg3 g6 27. Qc3 Bxg3 28.
Rxg3 Kg8 29. Qxc7 Raf8 30. Rf1 Nc5 31. Qxd6 Bc4 32. Qxc5 Bxe2 33. Qd5 Bxf1 34.
Bxf1 Qf6 35. Rg2 Rd8 36. Qc4 Rd1 37. Qe2 Rfd7 38. Rg3 R7d2 39. Qc4+ Kg7 40.
Qc7+ Rd7 41. Qc3 Rf7 42. Qc5 Rd4 43. Rg2 b6 44. axb6 axb6 45. Qc3 Rxe4 46. g5
Qf4 47. b5 Rd4 48. Qe1 Rf5 49. c3 Re4 50. Qa1 Ra4 51. Qd1 Rxg5 52. Rxg5 Qxg5+
53. Bg2 Ra2 54. Qd7+ Kh6 55. Qf7 Ra1+ 56. Kh2 Qf4+ 57. Qxf4+ exf4 58. Bd5 Kg5
59. Kg2 Kf5 60. f3 Rc1 61. c4 Kg5 62. Be6 Kh4 0-1

[Event "Kreuzberg2006"]
[Site "?"]
[Date "2006.07.14"]
[Round "7"]
[White "Lueders, Gerhard"]
[Black "Rath, Oliver"]
[Result "1-0"]
[WhiteElo "2243"]
[BlackElo "1887"]
[PlyCount "53"]

1. e4 c5 2. Nf3 Nc6 3. d4 cxd4 4. Nxd4 d6 5. Nc3 Nf6 6. Be2 g6 7. Be3 Bg7 8. f3
Bd7 9. Qd2 Qc7 10. O-O-O Ne5 11. Ndb5 Qb8 12. g4 a6 13. Nd4 b5 14. g5 Nh5 15.
b3 Nc6 16. f4 Nxf4 17. Bf3 Qc7 18. e5 dxe5 19. Bxf4 exf4 20. Nd5 Qe5 21. Rhe1
Qxd4 22. Qxd4 Bxd4 23. Nc7+ Kd8 24. Nxa8 Kc8 25. Bxc6 Bxc6 26. Rxd4 Bxa8 27.
Rxf4 1-0

[Event "Kreuzberg2006"]
[Site "?"]
[Date "2006.07.14"]
[Round "7"]
[White "Cusnariov, Nikolai"]
[Black "Friedrich, Wiede"]
[Result "1-0"]
[WhiteElo "2147"]
[BlackElo "1933"]
[PlyCount "69"]

1. e4 c5 2. Nc3 Nc6 3. g3 d6 4. Bg2 g6 5. d3 Bg7 6. Be3 e6 7. Qd2 Nge7 8. h4
Nd4 9. h5 Qb6 10. Nd1 Bd7 11. c3 Ndc6 12. h6 Bf6 13. g4 O-O 14. f4 Bh8 15. Nf3
f5 16. Nf2 fxg4 17. Nxg4 e5 18. Bh3 exf4 19. Bxf4 Bxg4 20. Bxg4 Be5 21. Bg5
Bg3+ 22. Ke2 Rae8 23. Rag1 Be5 24. Be6+ Kh8 25. Bd7 Rb8 26. Rf1 Ng8 27. Bxc6
Qxc6 28. Nxe5 dxe5 29. Rxf8 Rxf8 30. Rf1 Qc8 31. Rxf8 Qxf8 32. Qe3 Qc8 33. Qf3
Qe6 34. Kd2 c4 35. Qf8 1-0

[Event "Kreuzberg2006"]
[Site "?"]
[Date "2006.07.14"]
[Round "7"]
[White "Jaeger, Andre"]
[Black "Ma, Beini"]
[Result "1-0"]
[WhiteElo "2120"]
[BlackElo "1985"]
[PlyCount "71"]

1. d4 Nf6 2. c4 e6 3. Nc3 Bb4 4. Nf3 b6 5. Qb3 c5 6. a3 Bxc3+ 7. Qxc3 Ne4 8.
Qc2 Bb7 9. e3 O-O 10. Bd3 f5 11. O-O g5 12. Nd2 d5 13. f3 Nxd2 14. Bxd2 cxd4
15. e4 dxe4 16. fxe4 f4 17. e5 Qc7 18. Bb4 Rf7 19. Bd6 Qc6 20. Rae1 Nd7 21. Be4
Qc8 22. b4 Nb8 23. Rf2 Bxe4 24. Qxe4 Nc6 25. g3 Qe8 26. gxf4 Rxf4 27. Rxf4 gxf4
28. Kh1 Kh8 29. Rg1 a5 30. Qxf4 Qd8 31. b5 Nb8 32. Qh6 Ra7 33. Bxb8 Rf7 34.
Qxe6 Rf2 35. Qg4 Qf8 36. e6 1-0

[Event "Kreuzberg2006"]
[Site "?"]
[Date "2006.07.14"]
[Round "7"]
[White "Sebastian, Martin"]
[Black "Hahlbohm, Matthias"]
[Result "0-1"]
[WhiteElo "2019"]
[BlackElo "2114"]
[PlyCount "76"]

1. e4 c5 2. Nf3 d6 3. d4 cxd4 4. Nxd4 Nf6 5. Nc3 a6 6. Be2 e6 7. O-O Be7 8. f4
Qc7 9. Kh1 O-O 10. a4 b6 11. Bf3 Bb7 12. Qe2 Rd8 13. Be3 Nbd7 14. Bg1 Nc5 15.
e5 dxe5 16. fxe5 Nd5 17. Nxd5 Bxd5 18. Bxd5 Rxd5 19. Qf2 Rf8 20. Nf3 a5 21. h4
h6 22. Bh2 Qd7 23. Bf4 Qd8 24. Rfe1 Kh8 25. Qe3 Kh7 26. Rg1 Bxh4 27. g4 Be7 28.
g5 h5 29. g6+ fxg6 30. Raf1 Rf5 31. Bg5 Bxg5 32. Nxg5+ Kg8 33. Nf3 Qe8 34. Rg2
Qf7 35. Rgf2 Qe7 36. Rg2 Rdxe5 37. Qg1 Qf8 38. Rxg6 Rxf3 0-1

[Event "Kreuzberg2006"]
[Site "?"]
[Date "2006.07.14"]
[Round "7"]
[White "Krasnici, Hasan"]
[Black "von Loehneysen, Leonard"]
[Result "1-0"]
[WhiteElo "2219"]
[BlackElo "2033"]
[PlyCount "85"]

1. e4 c5 2. Nf3 Nc6 3. d4 cxd4 4. Nxd4 Nf6 5. Nc3 e5 6. Ndb5 d6 7. Nd5 Nxd5 8.
exd5 Nb8 9. Qf3 a6 10. Qa3 b6 11. c4 Be7 12. Bg5 f6 13. Bd2 Bb7 14. Nc3 O-O 15.
Be3 Nd7 16. g4 f5 17. gxf5 Rxf5 18. O-O-O Nc5 19. b4 Nd7 20. Qb3 Bg5 21. Ne4
Bxe3+ 22. Qxe3 Nf6 23. f3 Nxe4 24. fxe4 Rf4 25. Bd3 Qc7 26. Kb2 a5 27. b5 Rc8
28. Rhf1 Rxf1 29. Rxf1 Qc5 30. Qf3 Qb4+ {(=)} 31. Kc1 Qa3+ 32. Kd1 h6 33. Qf7+
Kh8 34. Rf3 Ba8 35. Rg3 Rg8 36. Qf2 Qc5 37. Qxc5 bxc5 38. Rg6 Rd8 39. h4 Kg8
40. Be2 Kf7 41. h5 Bb7 42. Bg4 Kf8 43. Kc2 1-0

[Event "Kreuzberg2006"]
[Site "?"]
[Date "2006.07.14"]
[Round "7"]
[White "Jatzko, Reinhold"]
[Black "Albinus, Dr. Guenther"]
[Result "1/2-1/2"]
[WhiteElo "2032"]
[BlackElo "2093"]
[PlyCount "86"]

1. Nf3 Nf6 2. d3 d5 3. c3 Bg4 4. Nbd2 Nbd7 5. Qc2 e5 6. e4 dxe4 7. dxe4 Bc5 8.
Be2 Qe7 9. Nf1 Qd6 10. Ng3 a5 11. h3 Qb6 12. O-O Bh5 13. Nxe5 Bxe2 14. Nxd7
Nxd7 15. Qxe2 O-O 16. Kh1 Rad8 17. Bf4 Rfe8 18. Rad1 c6 19. Rd3 Nf8 20. Rxd8
Rxd8 21. f3 Ng6 22. Bc1 Qc7 23. Nf5 Nf4 24. Qc2 Nd3 25. Be3 Qb6 26. Bxc5 Qxc5
27. Kh2 Qe5+ 28. g3 Nc5 29. Rd1 Qc7 30. Rxd8+ Qxd8 31. Nd4 g6 32. Kg2 Qd6 33.
Kf2 Qd7 34. Kg2 Qd6 35. Qd2 a4 36. b3 b5 37. Kf2 axb3 38. axb3 Ne6 39. b4 c5
40. bxc5 Qxc5 41. Qe3 Qc4 42. Nxe6 Qxe6 43. Kg2 Qc4 1/2-1/2

[Event "Kreuzberg2006"]
[Site "?"]
[Date "2006.07.14"]
[Round "7"]
[White "Belostotska, Julia"]
[Black "Zoellner, Rainer"]
[Result "1-0"]
[WhiteElo "2076"]
[BlackElo "1884"]
[PlyCount "33"]

1. e4 e6 2. d4 d5 3. Nc3 Nf6 4. Bg5 dxe4 5. Nxe4 Nbd7 6. Nf3 Be7 7. Nxf6+ Nxf6
8. Bd3 O-O 9. O-O c5 10. dxc5 Bxc5 11. Qe2 h6 12. Bh4 Be7 13. Rfe1 Nd5 14. Bxe7
Qxe7 15. Rad1 b6 16. Qe4 g6 17. Qxd5 1-0

[Event "Kreuzberg2006"]
[Site "?"]
[Date "2006.07.15"]
[Round "8"]
[White "Schmidt-Schaeffer, Sebastian"]
[Black "Mattick, Lutz"]
[Result "1/2-1/2"]
[WhiteElo "2370"]
[BlackElo "2278"]
[PlyCount "86"]

1. e4 c5 2. Nf3 e6 3. d4 cxd4 4. Nxd4 a6 5. Bd3 Qc7 6. O-O Nf6 7. Qe2 d6 8. Kh1
g6 9. Bg5 Bg7 10. c3 O-O 11. f4 Nbd7 12. Nd2 h6 13. Bh4 e5 14. fxe5 dxe5 15.
Nc2 Nh5 16. Bc4 Nf4 17. Qf3 Nb6 18. Bb3 Be6 19. Nb4 a5 20. Nd3 g5 21. Nxf4 exf4
22. Bf2 Rad8 23. Rad1 Nc4 24. Nxc4 Bxc4 25. Rfe1 Bxb3 26. axb3 Rxd1 27. Rxd1
Rd8 28. Rd5 Re8 29. Bc5 Qc6 30. h4 Qg6 31. Rf5 Re5 32. Rxe5 Bxe5 33. hxg5 hxg5
34. Qg4 Kg7 35. Kg1 Bf6 36. Qf5 Qh5 37. Bd4 Bxd4+ 38. cxd4 Qd1+ 39. Kh2 Qxd4
40. Qxg5+ Kf8 41. Qxf4 Qxb2 42. Qb8+ Kg7 43. Qg3+ Kf6 1/2-1/2

[Event "Kreuzberg2006"]
[Site "?"]
[Date "2006.07.15"]
[Round "8"]
[White "Richter, Michael"]
[Black "Kohler, Thomas"]
[Result "1/2-1/2"]
[WhiteElo "2389"]
[BlackElo "2245"]
[PlyCount "55"]

1. d4 Nf6 2. c4 g6 3. Nc3 Bg7 4. e4 d6 5. Nf3 O-O 6. Be2 e5 7. O-O Na6 8. Bg5
Qe8 9. d5 h6 10. Bxf6 Bxf6 11. Rb1 Nc5 12. b4 Nd7 13. Ne1 Be7 14. Rb3 Qd8 15.
Kh1 Nf6 16. Nd3 Bd7 17. g3 h5 18. f4 Ng4 19. Qd2 f5 20. Bf3 Bf6 21. h3 exf4 22.
gxf4 Bxc3 23. Rxc3 Qh4 24. e5 Qxh3+ 25. Kg1 dxe5 26. Nxe5 Qg3+ 27. Qg2 Qxf4 28.
Nxd7 1/2-1/2

[Event "Kreuzberg2006"]
[Site "?"]
[Date "2006.07.15"]
[Round "8"]
[White "Schlemermeyer, Wilhelm"]
[Black "Haemmerlein, Thomas"]
[Result "1/2-1/2"]
[WhiteElo "2333"]
[BlackElo "2195"]
[PlyCount "45"]

1. c4 g6 2. g3 Bg7 3. Bg2 f5 4. d4 d6 5. Nc3 c6 6. Nf3 Nf6 7. O-O O-O 8. Rb1
Ne4 9. Nxe4 fxe4 10. Nd2 d5 11. e3 a5 12. b3 Nd7 13. Bb2 Nf6 14. h3 Be6 15. Qe2
Qd7 16. Kh2 Bf5 17. Rbc1 h5 18. a4 Nh7 19. cxd5 cxd5 20. f4 exf3 21. Nxf3 Be4
22. Ba3 Rac8 23. Rxc8 1/2-1/2

[Event "Kreuzberg2006"]
[Site "?"]
[Date "2006.07.15"]
[Round "8"]
[White "Albrecht, Rainer"]
[Black "Kauschmann, Herbert"]
[Result "1/2-1/2"]
[WhiteElo "2256"]
[BlackElo "2178"]
[PlyCount "27"]

1. d4 c5 2. e4 cxd4 3. c3 b6 4. cxd4 Bb7 5. Nc3 Nf6 6. Bd3 d6 7. Nf3 e6 8. O-O
Nfd7 9. Bf4 a6 10. Rc1 Be7 11. Bb1 Nf8 12. Qe2 Ng6 13. Be3 O-O 14. a3 1/2-1/2

[Event "Kreuzberg2006"]
[Site "?"]
[Date "2006.07.15"]
[Round "8"]
[White "Schulz, Michael"]
[Black "Cusnariov, Nikolai"]
[Result "1-0"]
[WhiteElo "2252"]
[BlackElo "2147"]
[PlyCount "55"]

1. d4 Nf6 2. Bg5 d5 3. Bxf6 exf6 4. e3 c6 5. c4 dxc4 6. Bxc4 Bd6 7. Nc3 O-O 8.
Nge2 f5 9. g3 Re8 10. h4 Nd7 11. Qc2 Nf6 12. Bd3 g6 13. O-O-O Be6 14. Nf4 Bxf4
15. gxf4 h5 16. Rdg1 Kh8 17. Rg5 Nh7 18. Rg3 Rc8 19. Kb1 Qd6 20. Rhg1 Nf6 21.
Rg5 c5 22. d5 Nxd5 23. Nxd5 Qxd5 24. Qc3+ Kg8 25. Rxg6+ Kf8 26. Qf6 Qxa2+ 27.
Kc1 Qa1+ 28. Bb1 1-0

[Event "Kreuzberg2006"]
[Site "?"]
[Date "2006.07.15"]
[Round "8"]
[White "Hahlbohm, Matthias"]
[Black "Lueders, Gerhard"]
[Result "0-1"]
[WhiteElo "2114"]
[BlackElo "2243"]
[PlyCount "48"]

1. e4 c5 2. Nf3 d6 3. d4 cxd4 4. Nxd4 Nf6 5. Nc3 a6 6. f3 e5 7. Nb3 Be7 8. Be3
Be6 9. g4 h6 10. Nd5 Nxd5 11. exd5 Bh4+ 12. Ke2 Bc8 13. Qd2 Nd7 14. Kd1 b6 15.
c4 a5 16. a4 Nc5 17. Nxc5 bxc5 18. Bd3 Rb8 19. Kc2 Qb6 20. Qc3 e4 21. Qxg7
exd3+ 22. Kc1 Rh7 23. Qc3 Ke7 24. Bd2 Bf6 0-1

[Event "Kreuzberg2006"]
[Site "?"]
[Date "2006.07.15"]
[Round "8"]
[White "Niehaus, Frank"]
[Black "Jaeger, Andre"]
[Result "1-0"]
[WhiteElo "2204"]
[BlackElo "2120"]
[PlyCount "75"]

1. e4 c5 2. Nf3 Nc6 3. d4 cxd4 4. Nxd4 Nf6 5. Nc3 e5 6. Ndb5 d6 7. Bg5 a6 8.
Na3 Be6 9. Nc4 Rc8 10. Nd5 Bxd5 11. Bxf6 gxf6 12. Qxd5 Nd4 13. O-O-O Qd7 14.
Rxd4 exd4 15. Qxd4 Qe6 16. Nb6 Bh6+ 17. Kb1 Rc6 18. Bxa6 O-O 19. Bxb7 Rc7 20.
Bd5 Qe5 21. Qxe5 fxe5 22. Nc4 Rd8 23. Rd1 Kf8 24. Rd3 Rdc8 25. b3 Rd8 26. Kb2
Bf4 27. g3 Bh6 28. a4 Ke7 29. a5 Ra7 30. b4 Rb8 31. Kb3 Bf8 32. Bc6 Rc7 33. Bd5
Ra7 34. Ka4 Rc7 35. b5 Rbc8 36. Nb6 Rb8 37. Bc6 Kd8 38. Nd5 1-0

[Event "Kreuzberg2006"]
[Site "?"]
[Date "2006.07.15"]
[Round "8"]
[White "Waldmann, Hans-Joachim"]
[Black "Sechting, Martin"]
[Result "1-0"]
[WhiteElo "2329"]
[BlackElo "2107"]
[PlyCount "61"]

1. Nf3 c5 2. g3 Nc6 3. Bg2 Nf6 4. O-O d5 5. d3 e6 6. Nbd2 Bd6 7. e4 O-O 8. Re1
Qc7 9. c3 Ng4 10. d4 cxd4 11. cxd4 e5 12. exd5 Nb4 13. Ne4 Nc2 14. Re2 Nxa1 15.
Nxd6 Qxd6 16. dxe5 Qc5 17. Bf4 Rd8 18. d6 Be6 19. Qxa1 Qc4 20. Qd1 Qxa2 21. Nd4
Qa6 22. Nxe6 fxe6 23. Bh3 h5 24. f3 Qb6+ 25. Kg2 Qc6 26. Qb3 Rac8 27. Qxe6+ Kh8
28. Qf7 Qc4 29. Qxc4 Ne3+ 30. Bxe3 Rxc4 31. Bg5 1-0

[Event "Kreuzberg2006"]
[Site "?"]
[Date "2006.07.15"]
[Round "8"]
[White "Kiesekamp, Marcos"]
[Black "Mielke, Norman"]
[Result "1-0"]
[WhiteElo "2259"]
[BlackElo "2044"]
[PlyCount "127"]

1. e4 c5 2. Nf3 Nc6 3. d4 cxd4 4. Nxd4 Nf6 5. Nc3 e5 6. Ndb5 d6 7. Bg5 a6 8.
Na3 b5 9. Bxf6 gxf6 10. Nd5 Bg7 11. g3 f5 12. Bg2 O-O 13. exf5 Bxf5 14. c3 Be6
15. Nc2 a5 16. O-O f5 17. f4 b4 18. Qd2 bxc3 19. bxc3 Ra7 20. Rab1 Ne7 21. Nce3
Ng6 22. Kh1 Qe8 23. Rb6 Qd8 24. Nc4 Rd7 25. Nxa5 exf4 26. gxf4 Nh4 27. Nc6 Qe8
28. Rb8 Qf7 29. Rxf8+ Kxf8 30. Rb1 Rb7 31. Rxb7 Qxb7 32. Ndb4 Qd7 33. Nd4 Nxg2
34. Qxg2 Bxd4 35. cxd4 Qb5 36. a3 Qa4 37. Qf3 Bb3 38. Qd3 Qxa3 39. Qxf5+ Kg8
40. Qb5 Kf7 41. Qh5+ Kg7 42. Qg5+ Kf7 43. Qf5+ Kg7 44. Qg4+ Kf6 45. Qh4+ Kg7
46. Qg3+ Kf7 47. Qc3 Qa8+ 48. Kg1 Be6 49. Qc7+ Kg6 50. Qxd6 Qa1+ 51. Kf2 Qb2+
52. Ke3 Qc1+ 53. Ke2 Qb2+ 54. Kd3 Qb1+ 55. Nc2 Qb5+ 56. Kd2 Qa5+ 57. Nb4 Kf7
58. Qc5 Qa3 59. f5 Qb2+ 60. Ke3 Bb3 61. Nd3 Qb1 62. Ne5+ Kf6 63. Qf8+ Kg5 64.
Qg7+ 1-0

[Event "Kreuzberg2006"]
[Site "?"]
[Date "2006.07.15"]
[Round "8"]
[White "Belostotska, Julia"]
[Black "Krasnici, Hasan"]
[Result "1-0"]
[WhiteElo "2076"]
[BlackElo "2230"]
[PlyCount "73"]

1. e4 c5 2. Nf3 Nc6 3. d4 cxd4 4. Nxd4 Nf6 5. Nc3 e5 6. Ndb5 d6 7. Nd5 Nxd5 8.
exd5 Nb8 9. c4 Be7 10. Be2 O-O 11. O-O a6 12. Nc3 f5 13. f3 Bg5 14. Kh1 Nd7 15.
Qc2 b6 16. b4 Bxc1 17. Raxc1 Qh4 18. Bd3 g6 19. Na4 Rb8 20. Qf2 Qh6 21. Qe2 Nf6
22. c5 bxc5 23. bxc5 Rb4 24. Rc4 Nh5 25. Kg1 Nf4 26. Qc2 dxc5 27. Nxc5 a5 28.
Rxb4 axb4 29. d6 Qg7 30. Bb5 Qa7 31. Kh1 Bb7 32. Nd7 Rc8 33. Qb3+ Kg7 34. Nxe5
Bd5 35. d7 Rd8 36. Qxb4 Qxa2 37. Qxf4 1-0

[Event "Kreuzberg2006"]
[Site "?"]
[Date "2006.07.15"]
[Round "8"]
[White "Treskow, Anatol"]
[Black "Neerforth, Philipp"]
[Result "0-1"]
[WhiteElo "1801"]
[BlackElo "2221"]
[PlyCount "32"]

1. e4 c5 2. Nf3 d6 3. d4 cxd4 4. Nxd4 Nf6 5. Nc3 g6 6. f3 Bg7 7. Be3 O-O 8. Qd2
Nc6 9. Be2 Nxd4 10. Bxd4 Be6 11. Nd1 Qc7 12. b3 d5 13. exd5 Bxd5 14. c4 Bc6 15.
O-O Rad8 16. Qb2 Ng4 0-1